Protagonistas de la historia / (Registro nro. 14194)
[ vista simple ]
| 000 -LIDER | |
|---|---|
| fixed length control field | 00842nam a2200277 4500 |
| 001 - NÚMERO DE CONTROL | |
| Identificador de número de control | |
| 003 - IDENTIFICACDOR DE NÚMERO DE CONTROL | |
| control field | DO-SdBNP |
| 005 - DATE AND TIME OF LATEST TRANSACTION | |
| control field | 20220511081748.0 |
| 008 - ELEMENTOS DE LONGITUD FIJA | |
| fixed length control field | 140604s2004 sp 000 0 spad d |
| 040 ## - FUENTE DE CATALOGACIÓN | |
| Agencia que crea de manera original el registro | BPMSU |
| Idioma de catalogación | spa |
| Agencia que realiza la transcripción | BPMSU |
| 082 ## - NÚMERO DE CLASIFICACIÓN DECIMAL DE DEWEY | |
| Classification number | R923 |
| Item number | P967H 2004 |
| Edition number | 22 |
| 100 1# - ASIENTO PRINCIPAL -- NOMBRE PERSONAL | |
| Nombre personal | Fernández-Armesto, Felipe, |
| Fechas asociadas con el nombre | 1950-. |
| 245 10 - MENCIÓN DE TITULO | |
| Título | Protagonistas de la historia / |
| Mención de responsabilidad | Felipe Fernández-Armesto ; prólogo de Hugo Thomas |
| 246 13 - VARIACION DEL TÍTULO | |
| Título propiamente dicho o título corto | Cristóbal Colón |
| 260 ## - PUBLICACIÓN, DISTRIBUCIÓN, ETC. (PIE DE IMPRENTA) | |
| Lugar de publicación, distribución, etc | Barcelona : |
| Nombre del editor, distribuidor, etc. | Biblioteca ABC, |
| Fecha de publicación, distribución, etc | 2004 |
| 300 ## - DESCRIPCIÓN FÍSICA | |
| Extensión | v. ; |
| Dimensiones | 23 cm. |
| 490 0# - MENCIÓN DE SERIES | |
| Mención de serie | Protagonistas de la historia |
| Volume/sequential designation | 7 |
| 500 ## - NOTA GENERAL | |
| Nota general | Incluye índice |
| 590 ## - NOTA LOCAL | |
| Enlace | Inventariado,2022/VM |
| 600 14 - ENCABEZAMIENTO DE MATERIA--NOMBRE PERSONAL | |
| Nombre personal | Colón, Cristóbal, |
| Fechas asociadas con el nombre | 1451-1506. |
| 650 #4 - ENCABEZAMIENTO DE MATERIA--TEMÁTICO | |
| Término temático o nombre geográfico como elemento de entrada | Personajes |
| Subdivisión de forma | Biografías |
| 700 1# - ASIENTO SECUNDARIO -- NOMBRE PERSONAL | |
| Nombre personal | Thomas,Hugo |
| Mención de responsabilidad | prólogo |
| 740 ## - ASIENTO SECUNDARIO DE TÍTULOS RELACIONADOS O ANALÍTICOS NO CONTROLADOS | |
| Título analítico o relacionado no controlado | Cristóbal Colón |
| 910 ## - VALIDACIÓN | |
| Validación | VMateo V |
| 942 ## - ADDED ENTRY ELEMENTS (KOHA) | |
| Source of classification or shelving scheme | Dewey Decimal Classification |
| Koha item type | Libros |
| Withdrawn status | Lost status | Source of classification or shelving scheme | Damaged status | Not for loan | Collection code | Home library | Current library | Date acquired | Full call number | Barcode | Date last seen | Copy number | Price effective from | Koha item type |
|---|---|---|---|---|---|---|---|---|---|---|---|---|---|---|
| Dewey Decimal Classification | Colección General | Biblioteca Pública Metropolitana Salomé Ureña | Biblioteca Pública Metropolitana Salomé Ureña | 05/11/2022 | BPMSU CG R923 P967H 2004 | BPMSU22050029 | 05/11/2022 | v.7 | 05/11/2022 | Libros |